000 00533nam a22001815i 4500
001 98880
003 ES-MaACL
005 20230906182410.0
007 t|
008 950918s1886 sp ||||1| spa d
040 _aCAM
_bspa
_cCAM
100 1 _aEchegaray, José,
_d1832-1916
_946526
245 1 0 _aDe mala raza
_b: drama en tres actos y en prosa /
_cpor José Echegaray.
260 _aMadrid :
_b[s.n.],
_c1886 (
_fImpr. de José Rodríguez)
300 _a95 p. ;
_c20 cm.
852 _aES-MaACL
_jB-3097(2)
999 _c98880
_d98880